Statistics for 50 biggest cities in the Baltic countries

Click here to take the quiz!

General Stats

  • This quiz has been taken 95 times
  • The average score is 16 of 50

Answer Stats

#CountryPopulationCity% Correct
1Latvia641,423Riga
100%
3Estonia447,414Tallinn
100%
2Lithuania542,664Vilnius
100%
4Lithuania295,492Kaunas
81%
8Estonia96,904Tartu
75%
5Lithuania152,962Klaipėda
68%
9Latvia94,196Daugavpils
60%
15Estonia40,702Pärnu
57%
10Latvia69,443Liepāja
53%
13Estonia59,463Narva
51%
14Latvia56,646Jūrmala
51%
16Latvia39,286Ventspils
47%
6Lithuania102,136Šiauliai
47%
7Lithuania97,818Panevėžys
38%
12Latvia61,308Jelgava
38%
38Lithuania17,620Palanga
34%
20Latvia35,634Rēzekne
34%
11Lithuania64,803Alytus
32%
49Estonia13,635Kuressaare
31%
22Lithuania29,031Utena
29%
25Latvia25,032Valmiera
29%
18Estonia36,106Kohtla-Järve
28%
17Lithuania38,345Marijampolė
28%
24Latvia25,310Ogre
25%
37Estonia17,958Viljandi
24%
28Lithuania23,120Tauragė
22%
41Estonia15,737Rakvere
21%
44Lithuania15,044Šilutė
19%
36Latvia18,021Cēsis
19%
26Lithuania24,818Telšiai
19%
29Lithuania21,226Ukmergė
19%
21Lithuania30,800Jonava
19%
19Lithuania36,106Mažeikiai
18%
23Lithuania27,041Kėdainiai
16%
33Lithuania19,142Plungė
16%
46Lithuania13,818Elektrėnai
16%
35Lithuania18,124Kretinga
13%
27Latvia23,964Jēkabpils
13%
45Lithuania14,565Biržai
12%
31Lithuania19,776Visaginas
12%
32Lithuania19,625Radviliškis
12%
42Estonia15,596Maardu
10%
43Lithuania15,549Rokiškis
10%
39Lithuania16,263Druskininkai
10%
30Latvia19,961Tukums
10%
40Lithuania16,087Gargždai
9%
47Lithuania13,670Kuršėnai
9%
50Lithuania13,500Garliava
6%
48Estonia13,666Sillamäe
4%
34Latvia18,159Salaspils
4%

Score Distribution

Percentile by Number Answered

Percent of People with Each Score

Your Score History

You have not taken this quiz